01346nam a22003137a 4500003000400000005001700004008004100021040002200062082001800084100002500102245003000127260006000157300002100217366000800238490003200246505001200278505006400290505007800354505021100432505001200643650005500655650004700710650004800757650004300805650004500848650005600893650004700949700003600996OSt20230622102943.0221006b |||||||| |||| 00| 0 eng d cBiblioteca Lado V a709.05bG851a aGriffin, Timeeditor aArtforum/bInternacional/ aNew Yorkc2006bNew York editorial and business offices c26.5x27cma414p. espa aSeptiembrev2006x0864-1315 tLETTERS tCOLUMNSaPASSAGES FILM SOUND TECH MEDIA SLANT TOP TEN tPREVIEWSaFALL 2006 EXHIBITIONS US NEWS ON THE ROAD INTERNATIONAL NEWS tFEATURESaNEW FIELD OF ARCHITECTURE DOUGLAS GORDON AND PHILIPPE PARRENO'S SECRETS OF THE DOMES KEEPING DISTANCE 1000 WORDS SERGIO VEGA STILL LIVES: THE FILMS OF PEDRO COSTA OPENINGS: THE OTOLITH GROUP tREVIEWS 2Tesauro de Arte & ArquitecturaaARTE COMTEMPORANEO 2Tesauro de Arte & ArquitecturaaFOTOGRAFIA 2Tesauro de Arte & ArquitecturaaARTE VISUAL 2Tesauro de Arte & ArquitecturaaLIBROS 2Tesauro de Arte & ArquitecturaaNOTICIAS 2 Tesauro de Arte & ArquitecturaaARTE INTERNACIONAL 2 Tesauro de Arte & ArquitecturaaESCULTURA aNavarreta, Jose Antonioeeditor